[Event "GER-ch 37th"]
[Site "Magdeburg"]
[Date "2019.05.28"]
[Round "4"]
[White "Graf, Alexander"]
[Black "Rosner, Jonas"]
[Result "1-0"]
[WhiteElo "2572"]
[BlackElo "2413"]
[EventDate "2019.05.26"]
[PlyCount "195"]

1. d4 d5 2. c4 e6 3. Nc3 Nf6 4. cxd5 exd5 5. Bg5 c6 6. Qc2 Be7 7. e3 Nbd7 8. Bd3 h6 9. Bh4 Nh5 10. Bxe7 Qxe7 11. O-O-O Nb6 12. h3 Be6 13. Nf3 O-O-O 14. Kb1 Kb8 15. Rc1 Nf6 16. Na4 Nxa4 17. Qxa4 Nd7 18. Rc3 Nb6 19. Qc2 Rc8 20. Nd2 Rc7 21. h4 Rhc8 22. Qd1 Qf6 23. Qf3 Qxf3 24. Nxf3 Nc4 25. h5 Nd6 26. Ne5 f6 27. Ng6 Bf5 28. Bxf5 Nxf5 29. Nf4 Nd6 30. Rc2 Re8 31. Kc1 Rce7 32. Kd1 Rc7 33. Ke2 Rce7 34. Kf3 Nf5 35. Rhc1 Nd6 36. Nd3 Rd8 37. Nf4 Rde8 38. b3 Rd7 39. Ke2 Rde7 40. Kd3 Rd7 41. Kc3 Rde7 42. Kb4 Rd7 43. a4 Rde7 44. a5 a6 45. Kc3 Nb5+ 46. Kd3 Rd7 47. Kd2 Rde7 48. Nd3 Rf7 49. Rg1 Rfe7 50. Rcc1 Kc8 51. Rce1 Kd8 52. Nf4 Kc8 53. Kd3 Kd8 54. Re2 Nd6 55. Ng6 Rd7 56. g4 Kc7 57. Rc2 Kd8 58. f3 Nb5 59. Re1 Nd6 60. Rce2 Kc7 61. Kd2 Nb5 62. Nf4 Rde7 63. Nd3 Nd6 64. Nc5 Rd8 65. Kd3 Ree8 66. Rd2 Nf7 67. Ke2 Ng5 68. Kf2 Ne6 69. b4 Ng5 70. Nd3 Ne6 71. Kg3 Re7 72. Nf4 Ng5 73. Ng6 Red7 74. Nh4 Nf7 75. Nf5 Nd6 76. Kf4 Re8 77. e4 dxe4 78. fxe4 Nxf5 79. gxf5 Red8 80. Rg1 Re8 81. Rg3 Kc8 82. Rdd3 Rde7 83. Rge3 Rf8 84. e5 Rfe8 85. e6 Rd8 86. Rg3 Rd5 87. Rg4 Kd8 88. Ke4 Ke8 89. Rg1 Kf8 90. Rc1 Rc7 91. Rc5 Rxc5 92. bxc5 Ke7 93. Rb3 Ke8 94. d5 cxd5+ 95. Kxd5 Kd8 96. Rb6 Ke7 97. c6 bxc6+ 98. Kc5 1-0

[Event "GER-ch 37th"]
[Site "Magdeburg"]
[Date "2019.05.28"]
[Round "4"]
[White "Huschenbeth, Niclas"]
[Black "Kollars, Dmitrij"]
[Result "1/2-1/2"]
[WhiteElo "2603"]
[BlackElo "2561"]
[EventDate "2019.05.26"]
[PlyCount "66"]

1. e4 e5 2. Nf3 Nc6 3. Bb5 a6 4. Ba4 Nf6 5. O-O Be7 6. Re1 b5 7. Bb3 d6 8. a4 Bd7 9. c3 O-O 10. d4 h6 11. Nbd2 Re8 12. Nf1 Bf8 13. Ng3 Na5 14. Bc2 c5 15. d5 c4 16. h3 Nb7 17. Be3 Qc7 18. Nd2 Nc5 19. axb5 axb5 20. Qf3 Be7 21. Nf5 Bxf5 22. Qxf5 Nh7 23. f4 Rxa1 24. Rxa1 exf4 25. Bxf4 g6 26. Qg4 Bg5 27. Qg3 Bxf4 28. Qxf4 Kg7 29. Qe3 Nf8 30. Qd4+ Kg8 31. Qe3 Kg7 32. Qd4+ Kg8 33. Qe3 Kg7 1/2-1/2

[Event "GER-ch 37th"]
[Site "Magdeburg"]
[Date "2019.05.28"]
[Round "4"]
[White "Krassowizkij, Jaroslaw"]
[Black "Polster, Christian"]
[Result "1-0"]
[WhiteElo "2450"]
[BlackElo "2236"]
[EventDate "2019.05.26"]
[PlyCount "167"]

1. c4 e6 2. Nf3 d5 3. d4 c6 4. e3 Bd6 5. b3 Nd7 6. Bb2 Ngf6 7. Bd3 O-O 8. O-O Ne4 9. Nc3 f5 10. Ne2 Qf6 11. Qc1 Rf7 12. Ba3 Bc7 13. Nd2 Qh6 14. f4 Nxd2 15. Qxd2 Nf6 16. Rf3 Ng4 17. Rh3 Qf6 18. Rf1 Bd7 19. Kh1 g5 20. Rh5 Rg7 21. h3 Nh6 22. fxg5 Rxg5 23. Rxg5+ Qxg5 24. Nf4 Nf7 25. Qb4 Rb8 26. Qe7 Qxe7 27. Bxe7 Re8 28. Bh4 Bxf4 29. Rxf4 e5 30. Rf1 exd4 31. exd4 Nd6 32. cxd5 cxd5 33. Rc1 Rc8 34. Rxc8+ Bxc8 35. Kg1 Ne4 36. Kf1 Kf7 37. Ke2 Ke6 38. Ke3 Bd7 39. Kf4 Be8 40. Be2 Nc3 41. Bd3 Ne4 42. Be1 Bh5 43. Bb4 Be8 44. Be2 Kf6 45. Ba5 h5 46. Bc7 Ke6 47. Bd3 Bd7 48. a4 a6 49. Be2 Be8 50. Ba5 Kf6 51. Bc7 Ke6 52. b4 b5 53. axb5 axb5 54. Be5 Nc3 55. Bd3 Ne4 56. Bb8 Bd7 57. Be2 Be8 58. g4 fxg4 59. hxg4 Nc3 60. Bf3 hxg4 61. Bxg4+ Ke7 62. Ke5 Bd7 63. Bd6+ Kd8 64. Bh5 Kc8 65. Bf7 Kd8 66. Bf8 Be8 67. Bg8 Kc7 68. Bh6 Bc6 69. Bd2 Ne4 70. Bf4 Nf2 71. Bxd5 Nd3+ 72. Ke4+ Nxf4 73. Bxc6 Kxc6 74. Kxf4 Kd5 75. Ke3 Kc4 76. Ke4 Kxb4 77. d5 Kc5 78. Ke5 b4 79. d6 Kc6 80. Ke6 b3 81. d7 Kc7 82. Ke7 b2 83. d8=Q+ Kb7 84. Qd3 1-0

[Event "GER-ch 37th"]
[Site "Magdeburg"]
[Date "2019.05.28"]
[Round "4"]
[White "Kvetny, Mark"]
[Black "Paul, Johannes"]
[Result "1/2-1/2"]
[WhiteElo "2414"]
[BlackElo "2364"]
[EventDate "2019.05.26"]
[PlyCount "138"]

1. c4 Nf6 2. Nc3 g6 3. g3 Bg7 4. Bg2 O-O 5. d3 c5 6. e3 Nc6 7. Nge2 e6 8. O-O d6 9. Rb1 Rb8 10. a3 Qe7 11. b4 Ne5 12. f4 Ned7 13. h3 b6 14. e4 Ne8 15. Be3 Bb7 16. Qd2 a6 17. Rbd1 Nc7 18. d4 Rfd8 19. d5 exd5 20. cxd5 Ne8 21. g4 a5 22. b5 Nf8 23. g5 h6 24. h4 hxg5 25. hxg5 f6 26. f5 Bc8 27. Nf4 gxf5 28. Nh5 Bh8 29. exf5 Qh7 30. Qe2 Bxf5 31. Qf3 Bg6 32. Nf4 Bf7 33. Ne4 Ng6 34. Ne6 Nh4 35. Qf4 f5 36. g6 Bxg6 37. N4g5 Qh5 38. Nf3 Nxg2 39. Kxg2 Rd7 40. Rh1 Qg4+ 41. Kf2 Qxf4 42. Nxf4 Rg7 43. Ne6 Nf6 44. Nxg7 Ng4+ 45. Ke2 Bxg7 46. Bf4 Re8+ 47. Kd2 Re4 48. Bxd6 Ne3 49. Rdg1 Nc4+ 50. Kd1 Rg4 51. Bc7 Ne3+ 52. Kd2 Nxd5 53. Be5 Nf6 54. Bc7 Nd5 55. Be5 Nf6 56. Ba1 Ne4+ 57. Ke3 f4+ 58. Ke2 Ng3+ 59. Kf2 Nxh1+ 60. Rxh1 Be4 61. Re1 Bxf3 62. Kxf3 Rg3+ 63. Kxf4 Rxa3 64. Bxg7 Kxg7 65. Re6 Rb3 66. Rxb6 a4 67. Ra6 Rb4+ 68. Ke5 c4 69. Kd4 Rxb5 1/2-1/2

[Event "GER-ch 37th"]
[Site "Magdeburg"]
[Date "2019.05.28"]
[Round "4"]
[White "Nosek, Reinhard"]
[Black "Guenther, Andreas"]
[Result "1-0"]
[WhiteElo "1913"]
[BlackElo "2121"]
[EventDate "2019.05.26"]
[PlyCount "109"]

1. d4 f5 2. Bf4 Nf6 3. Nd2 e6 4. e3 Be7 5. Be2 O-O 6. Bg3 b6 7. Bf3 d5 8. Be2 c5 9. Nh3 Nc6 10. c3 Bd6 11. Nf3 Ne4 12. Bb5 Ne7 13. Bh4 Bd7 14. Bxd7 Qxd7 15. Nfg5 h6 16. Nxe4 fxe4 17. Qh5 Rf5 18. Qe2 Raf8 19. O-O-O g5 20. Bg3 Ng6 21. Rhf1 Bxg3 22. hxg3 Qf7 23. Rd2 c4 24. Qh5 Kg7 25. Qe2 b5 26. Ng1 a5 27. f4 b4 28. g4 Rf6 29. g3 Rb8 30. Nh3 gxf4 31. gxf4 Nh4 32. g5 Rg6 33. gxh6+ Kh8 34. Qh5 Qf6 35. Ng5 Nf5 36. Rg1 bxc3 37. bxc3 Ne7 38. h7 Rg7 39. Rgg2 Nf5 40. Rb2 Rf8 41. Qh3 Qe7 42. Kb1 Rg6 43. Rge2 Rh6 44. Qg2 Nh4 45. Qh2 Nf5 46. Qg1 a4 47. a3 Nd6 48. Rb6 Nf7 49. Qg3 Nd6 50. Rxd6 Rh1+ 51. Ka2 e5 52. dxe5 Rb8 53. Qg2 Rc1 54. Rb2 Rf8 55. e6 1-0

[Event "GER-ch 37th"]
[Site "Magdeburg"]
[Date "2019.05.28"]
[Round "4"]
[White "Pfreundt, Jakob"]
[Black "Engel, Luis"]
[Result "1-0"]
[WhiteElo "2392"]
[BlackElo "2512"]
[EventDate "2019.05.26"]
[PlyCount "147"]

1. d4 Nf6 2. Nf3 d5 3. c4 e6 4. g3 Be7 5. Bg2 O-O 6. Nc3 dxc4 7. Ne5 Nc6 8. Bxc6 bxc6 9. Nxc6 Qe8 10. Nxe7+ Qxe7 11. Qa4 c5 12. dxc5 Qxc5 13. Be3 Qc7 14. Rd1 e5 15. f3 Bh3 16. Bg5 Nd7 17. Nd5 Qb7 18. Qb4 Qxb4+ 19. Nxb4 Rfb8 20. Nc6 Rxb2 21. g4 Nf8 22. Kf2 Rxa2 23. Ra1 Rxa1 24. Rxa1 Ne6 25. Be3 f5 26. Ne7+ Kf7 27. Nxf5 h5 28. Kg3 hxg4 29. fxg4 Rh8 30. Nd6+ Kg6 31. Nxc4 Kf6 32. Nd2 Nf4 33. Ra6+ Kf7 34. Rxa7+ Kg6 35. Ra6+ Kf7 36. Bxf4 exf4+ 37. Kxf4 Re8 38. e4 Kg8 39. Kg3 Rd8 40. Kxh3 Rd3+ 41. Kh4 Rxd2 42. Kg3 Rd3+ 43. Kf4 Rh3 44. Ra2 Kf7 45. Kf5 Rf3+ 46. Kg5 Rh3 47. Rf2+ Kg8 48. e5 Re3 49. Kf4 Re1 50. h4 Kf7 51. Kg5+ Kg8 52. Kf5 Kf7 53. Ra2 Rf1+ 54. Kg5 Re1 55. Ra7+ Kf8 56. Kf5 Rb1 57. h5 Rb2 58. g5 Re2 59. Kg6 Rxe5 60. Rf7+ Kg8 61. Rxg7+ Kh8 62. Ra7 Re8 63. h6 Rb8 64. Kh5 Rb5 65. Re7 Kg8 66. Kg6 Rb6+ 67. Kf5 Rb1 68. Kf6 Rf1+ 69. Kg6 Rf8 70. Re5 Ra8 71. Kh5 Kh8 72. g6 Rg8 73. Kg5 Ra8 74. h7 1-0

[Event "GER-ch 37th"]
[Site "Magdeburg"]
[Date "2019.05.28"]
[Round "4"]
[White "Roseneck, Jonas"]
[Black "Krastev, Alexander"]
[Result "1-0"]
[WhiteElo "2403"]
[BlackElo "2344"]
[EventDate "2019.05.26"]
[PlyCount "81"]

1. e4 e5 2. Nf3 Nc6 3. Bb5 a6 4. Ba4 Nf6 5. O-O Be7 6. Re1 b5 7. Bb3 d6 8. c3 O-O 9. h3 Nb8 10. d4 Nbd7 11. c4 Bb7 12. Nc3 c6 13. a3 Re8 14. Be3 Bf8 15. Ba2 exd4 16. Bxd4 c5 17. Bxf6 Nxf6 18. cxb5 axb5 19. e5 Bxf3 20. Qxf3 dxe5 21. Nxb5 e4 22. Qg3 Qd7 23. Bc4 Rad8 24. Qb3 Qb7 25. Rad1 Rxd1 26. Rxd1 h6 27. a4 Ra8 28. Ra1 g6 29. a5 Kg7 30. Qa2 Ra6 31. Nc3 Rd6 32. a6 Qa8 33. Qb3 e3 34. fxe3 Rd2 35. Qb7 Qxb7 36. axb7 Rxb2 37. Nb5 Nd7 38. Rd1 Nb8 39. Rd8 Nc6 40. Rc8 Rb1+ 41. Kf2 1-0

[Event "GER-ch 37th"]
[Site "Magdeburg"]
[Date "2019.05.28"]
[Round "4"]
[White "Schulz, Lukas"]
[Black "Moeller, Dustin"]
[Result "0-1"]
[WhiteElo "2302"]
[BlackElo "2156"]
[EventDate "2019.05.26"]
[PlyCount "78"]

1. e4 c6 2. Nc3 d5 3. g3 d4 4. Nce2 e5 5. d3 Bd6 6. Bg2 Nf6 7. f4 c5 8. Nf3 Nc6 9. O-O O-O 10. f5 b5 11. h3 a5 12. g4 h6 13. g5 hxg5 14. Bxg5 Be7 15. Qe1 Nh7 16. Bd2 c4 17. Qg3 Bf6 18. Kh1 b4 19. h4 Ba6 20. Ng5 c3 21. bxc3 bxc3 22. Nxh7 Kxh7 23. Bg5 Rh8 24. Ng1 Bxg5 25. hxg5 Kg8+ 26. Bh3 f6 27. Nf3 Kf7 28. Rf2 Ke7 29. Kh2 Kd6 30. Rg1 Ra7 31. Rfg2 Kc5 32. Qe1 Qe8 33. gxf6 Qh5 34. Ng5 gxf6 35. Ne6+ Kd6 36. Rg3 Rb7 37. a3 Rb2 38. R1g2 Bb5 39. Re2 Ba4 0-1

[Event "GER-ch 37th"]
[Site "Magdeburg"]
[Date "2019.05.28"]
[Round "4"]
[White "Svane, Frederik"]
[Black "Stern, Rene"]
[Result "1/2-1/2"]
[WhiteElo "2342"]
[BlackElo "2538"]
[EventDate "2019.05.26"]
[PlyCount "154"]

1. e4 e5 2. Nf3 Nc6 3. Bb5 a6 4. Ba4 Nf6 5. O-O Be7 6. d3 d6 7. c3 O-O 8. Re1 Re8 9. Nbd2 Bf8 10. Nf1 h6 11. Ng3 b5 12. Bc2 d5 13. a4 b4 14. h3 dxe4 15. dxe4 Qxd1 16. Rxd1 bxc3 17. bxc3 Na5 18. Rb1 g6 19. Nf1 Bb7 20. N3d2 Bc6 21. Ne3 Bc5 22. Re1 Kg7 23. Nec4 Nxc4 24. Nxc4 a5 25. Kf1 Nd7 26. Ke2 h5 27. Bg5 f6 28. Bc1 h4 29. Rd1 Nf8 30. Be3 Ne6 31. f3 Bxe3 32. Kxe3 Nc5 33. Ra1 Kf7 34. Kf2 Ke7 35. Rd2 Red8 36. Rxd8 Kxd8 37. Ke3 Ke7 38. Ke2 Bd7 39. Nb2 Be6 40. Ke3 Rb8 41. Nd1 Bc4 42. Kd2 Be6 43. Ne3 c6 44. Kc1 Kd6 45. Rb1 Rd8 46. Kd2 Kc7+ 47. Kc1 Bc8 48. Rb2 Ba6 49. Ng4 Rd6 50. Ne3 Be2 51. Ra2 Rd8 52. Rb2 Bd3 53. Ra2 Ba6 54. Rb2 Rf8 55. Kd2 Ne6 56. Ke1 Nf4 57. Bb1 Rd8 58. Ng4 Rf8 59. Ne3 Bc8 60. Nc4 Be6 61. Ne3 Rd8 62. Nd1 Rd7 63. Ne3 Rd3 64. Nd1 Bc4 65. Ba2 Bxa2 66. Rxa2 Ne6 67. Rd2 Nc5 68. Rxd3 Nxd3+ 69. Ke2 Nf4+ 70. Kf2 Kd6 71. Nb2 Kc5 72. Kf1 f5 73. Kf2 Nh5 74. Nd3+ Kd6 75. Nb2 Kc5 76. Nd3+ Kd6 77. Nb2 Kc5 1/2-1/2

[Event "GER-ch 37th"]
[Site "Magdeburg"]
[Date "2019.05.28"]
[Round "4"]
[White "Winterberg, Lukas"]
[Black "Gungl, Theo"]
[Result "1-0"]
[WhiteElo "2376"]
[BlackElo "2331"]
[EventDate "2019.05.26"]
[PlyCount "75"]

1. d4 d5 2. Nf3 Nf6 3. c4 c6 4. Nc3 e6 5. e3 Nbd7 6. Qc2 Bd6 7. Bd3 O-O 8. O-O dxc4 9. Bxc4 a6 10. a3 b5 11. Bd3 Bb7 12. h3 c5 13. Ng5 h6 14. Nge4 Bb8 15. dxc5 Nxc5 16. Nxc5 Qc7 17. f4 Qxc5 18. Qf2 Ba7 19. Kh2 Rad8 20. Qe2 Nd5 21. Nxd5 Qxd5 22. Rd1 Qc6 23. b4 Qb6 24. Ra2 Bd5 25. Rb2 Rd7 26. e4 Bc6 27. Rb3 Rfd8 28. Rf1 Bb7 29. Bb1 Qc6 30. Rg3 Bd4 31. e5 Kf8 32. Qg4 f5 33. exf6 Bxf6 34. Be3 Rd5 35. f5 exf5 36. Bxf5 Bc8 37. Bxc8 Rxc8 38. Qxg7+ 1-0

[Event "GER-ch 37th"]
[Site "Magdeburg"]
[Date "2019.05.29"]
[Round "5"]
[White "Engel, Luis"]
[Black "Huschenbeth, Niclas"]
[Result "0-1"]
[WhiteElo "2512"]
[BlackElo "2603"]
[EventDate "2019.05.26"]
[PlyCount "98"]

1. e4 e6 2. d4 d5 3. Nd2 c5 4. exd5 Qxd5 5. dxc5 Bxc5 6. Ngf3 Nf6 7. Bc4 Qc6 8. O-O O-O 9. Qe2 a6 10. Ne5 Qc7 11. Ndf3 b5 12. Bd3 Bb7 13. Bf4 Bd6 14. Rfe1 Nc6 15. c3 Nd5 16. Bg3 Nxe5 17. Nxe5 g6 18. Rad1 Rad8 19. c4 Nb4 20. cxb5 Nxd3 21. Rxd3 axb5 22. Rc3 Qb6 23. Ng4 Bxg3 24. hxg3 Qd4 25. Rc7 Ba8 26. Rec1 h5 27. Ne5 Rd5 28. Nf3 Qb6 29. Qc2 Rfd8 30. Re1 Qd6 31. Rc8 Bb7 32. Rxd8+ Qxd8 33. Ne5 Rd2 34. Qc3 Qd4 35. Qxd4 Rxd4 36. Rc1 Bd5 37. Rc7 Rd1+ 38. Kh2 Rd2 39. f3 Rxb2 40. Nxf7 Rxa2 41. Kh3 b4 42. Kh4 b3 43. Kg5 b2 44. Nh6+ Kf8 45. Kf6 Ra8 46. Rf7+ Ke8 47. Re7+ Kd8 48. Nf7+ Kc8 49. Nd6+ Kb8 0-1

[Event "GER-ch 37th"]
[Site "Magdeburg"]
[Date "2019.05.29"]
[Round "5"]
[White "Kardoeus, David"]
[Black "Pajeken, Jakob Leon"]
[Result "0-1"]
[WhiteElo "2202"]
[BlackElo "2359"]
[EventDate "2019.05.26"]
[PlyCount "58"]

1. e4 e5 2. Nf3 Nc6 3. d4 exd4 4. Nxd4 Nf6 5. Nxc6 bxc6 6. e5 Qe7 7. Qe2 Nd5 8. c4 Nb6 9. Nc3 Ba6 10. Qe4 Qe6 11. f4 Bb4 12. c5 Nc4 13. Kd1 Bxc3 14. bxc3 f5 15. Qd4 Rb8 16. Kc2 O-O 17. h3 d6 18. cxd6 cxd6 19. Bxc4 Bxc4 20. Qxd6 Bb3+ 21. axb3 Qxb3+ 22. Kd3 Rfd8 23. Ba3 Rxd6+ 24. Bxd6 Qd5+ 25. Ke3 Qe4+ 26. Kf2 Rb2+ 27. Kg3 Rxg2+ 28. Kh4 Qxf4+ 29. Kh5 g6# 0-1

[Event "GER-ch 37th"]
[Site "Magdeburg"]
[Date "2019.05.29"]
[Round "5"]
[White "Kollars, Dmitrij"]
[Black "Graf, Alexander"]
[Result "1-0"]
[WhiteElo "2561"]
[BlackElo "2572"]
[EventDate "2019.05.26"]
[PlyCount "77"]

1. e4 e5 2. Nf3 Nc6 3. Bc4 Nf6 4. d3 Be7 5. O-O d6 6. a4 a5 7. c3 O-O 8. Re1 Nd7 9. Be3 Kh8 10. d4 exd4 11. cxd4 Nb6 12. Bb3 d5 13. Nc3 dxe4 14. Ne5 Nxe5 15. dxe5 Qxd1 16. Rexd1 Bg4 17. Rdc1 f5 18. h3 Bh5 19. Nb5 f4 20. Bd4 c5 21. Bxc5 Bxc5 22. Rxc5 Nd7 23. Rd5 Bf7 24. Rxd7 Bxb3 25. Nd6 b6 26. Nxe4 Rae8 27. Nd2 Be6 28. Rd6 Bf5 29. Nc4 Kg8 30. Re1 Re6 31. Nxb6 Rfe8 32. Nc4 Bc2 33. Rxe6 Rxe6 34. Nxa5 Bxa4 35. Nc4 Rc6 36. Nd6 Kf8 37. Re4 Bc2 38. Rxf4+ Ke7 39. Rc4 1-0

[Event "GER-ch 37th"]
[Site "Magdeburg"]
[Date "2019.05.29"]
[Round "5"]
[White "Krassowizkij, Jaroslaw"]
[Black "Pfreundt, Jakob"]
[Result "1/2-1/2"]
[WhiteElo "2450"]
[BlackElo "2392"]
[EventDate "2019.05.26"]
[PlyCount "80"]

1. Nf3 Nf6 2. c4 c5 3. Nc3 g6 4. e4 Bg7 5. d4 cxd4 6. Nxd4 O-O 7. Be2 Nc6 8. Be3 d6 9. f3 Bd7 10. Qd2 Nxd4 11. Bxd4 Bc6 12. O-O-O Qa5 13. Kb1 Rfc8 14. h4 Nh5 15. Bxg7 Kxg7 16. Bd3 e5 17. Bc2 Rd8 18. Ne2 Qxd2 19. Rxd2 Kf8 20. Rhd1 Ke7 21. b4 b6 22. g4 Nf4 23. Nxf4 exf4 24. Kb2 a5 25. b5 Bb7 26. Kc3 Rac8 27. Kd4 Rc5 28. Bd3 Bc8 29. Rh1 Be6 30. h5 g5 31. a4 h6 32. Rhd1 d5 33. cxd5 Bxd5 34. exd5 Rdxd5+ 35. Ke4 Re5+ 36. Kd4 Red5+ 37. Ke4 Re5+ 38. Kd4 Red5+ 39. Ke4 Re5+ 40. Kd4 Red5+ 1/2-1/2

[Event "GER-ch 37th"]
[Site "Magdeburg"]
[Date "2019.05.29"]
[Round "5"]
[White "Krastev, Alexander"]
[Black "Schulz, Karsten"]
[Result "0-1"]
[WhiteElo "2344"]
[BlackElo "2227"]
[EventDate "2019.05.26"]
[PlyCount "58"]

1. e4 g6 2. d4 Bg7 3. Nc3 d6 4. f4 Nf6 5. Nf3 O-O 6. Bd3 Nc6 7. h3 Nb4 8. Be2 d5 9. e5 Ne4 10. O-O c5 11. Kh2 Nc6 12. Bd3 Nxd4 13. Nxd4 cxd4 14. Nxe4 dxe4 15. Bxe4 f6 16. exf6 Bxf6 17. a4 Qc7 18. Qd3 Bg7 19. b3 Bf5 20. Bb2 e5 21. Bxf5 Rxf5 22. fxe5 Rxe5 23. Kh1 Re3 24. Qd2 Qe5 25. Rad1 Qe4 26. Qf2 Rf8 27. Qd2 Rxf1+ 28. Rxf1 Bh6 29. Kg1 Re2 0-1

[Event "GER-ch 37th"]
[Site "Magdeburg"]
[Date "2019.05.29"]
[Round "5"]
[White "Lubbe, Nikolas"]
[Black "Gungl, Theo"]
[Result "1-0"]
[WhiteElo "2431"]
[BlackElo "2331"]
[EventDate "2019.05.26"]
[PlyCount "59"]

1. Nf3 d5 2. g3 Nf6 3. Bg2 c6 4. c4 Bg4 5. Ne5 Be6 6. cxd5 Bxd5 7. Nf3 c5 8. Nc3 Bc6 9. O-O e6 10. d3 Be7 11. e4 O-O 12. Re1 Qb6 13. a4 a5 14. Ne5 Nfd7 15. Nc4 Qd8 16. Bf4 Na6 17. Nd5 Bg5 18. Bd6 Re8 19. h4 Bh6 20. Nc3 Nb6 21. e5 Bxg2 22. Kxg2 Nxc4 23. dxc4 g6 24. Qf3 Qc8 25. Ne4 Bg7 26. h5 Nb4 27. h6 Bxh6 28. Nf6+ Kg7 29. Rh1 Qc6 30. Rxh6 1-0

[Event "GER-ch 37th"]
[Site "Magdeburg"]
[Date "2019.05.29"]
[Round "5"]
[White "Maetzkow, Maximilian Paul"]
[Black "Heimrath, Reiner"]
[Result "1-0"]
[WhiteElo "2338"]
[BlackElo "2239"]
[EventDate "2019.05.26"]
[PlyCount "133"]

1. d4 Nf6 2. Nf3 g6 3. g3 Bg7 4. Bg2 O-O 5. O-O d6 6. c4 Nc6 7. Nc3 a6 8. b3 e5 9. Bb2 Bg4 10. dxe5 dxe5 11. h3 Bf5 12. Nd5 Re8 13. Ne3 Be4 14. Qxd8 Raxd8 15. Rfd1 Rd7 16. Rxd7 Nxd7 17. Rd1 Nc5 18. Nd5 Ne6 19. Nc3 Bxf3 20. Bxf3 Ned4 21. Bd5 e4 22. e3 Ne2+ 23. Nxe2 Bxb2 24. g4 Rd8 25. Ng3 Kf8 26. Rb1 Ba3 27. Nxe4 Nb4 28. Bxb7 Rb8 29. Nc5 Ke7 30. Bf3 Rd8 31. Ne4 f5 32. gxf5 gxf5 33. Nc3 c6 34. Rd1 Rxd1+ 35. Bxd1 Bb2 36. Ne2 Nxa2 37. Bc2 Kf6 38. Ng3 f4 39. Nh5+ Ke7 40. Nxf4 Nc1 41. Kg2 Ba1 42. Kf3 Kd6 43. Ne2 Na2 44. Bxh7 Kc5 45. Bb1 Nb4 46. h4 Bg7 47. Nd4 Kb6 48. h5 c5 49. Ne6 Bh8 50. Be4 Na2 51. h6 Nc1 52. Bc2 Bf6 53. h7 Na2 54. Ng5 Ka5 55. Ne4 Bh8 56. Nxc5 Nb4 57. Be4 Na2 58. Ne6 Kb4 59. c5 Nc3 60. c6 Nb5 61. c7 Nd6 62. Bb7 a5 63. c8=Q Nxc8 64. Bxc8 Kxb3 65. Bd7 a4 66. Bxa4+ Kxa4 67. Nd8 1-0

[Event "GER-ch 37th"]
[Site "Magdeburg"]
[Date "2019.05.29"]
[Round "5"]
[White "Paul, Johannes"]
[Black "Roseneck, Jonas"]
[Result "0-1"]
[WhiteElo "2364"]
[BlackElo "2403"]
[EventDate "2019.05.26"]
[PlyCount "214"]

1. d4 Nf6 2. c4 g6 3. Nc3 d5 4. cxd5 Nxd5 5. Na4 Bg7 6. e4 Nf6 7. f3 Nbd7 8. Be3 O-O 9. Bd3 e5 10. d5 Nb8 11. Ne2 c6 12. dxc6 Nxc6 13. O-O b6 14. Rc1 Bb7 15. Nac3 Qe7 16. Qa4 Rfd8 17. Rfd1 Nd4 18. Ba6 Bxa6 19. Qxa6 Rd7 20. Bg5 Qe6 21. Bxf6 Bxf6 22. Nd5 Rad8 23. Nxd4 exd4 24. Qd3 Bg7 25. Rc4 Qe5 26. Rdc1 Bh6 27. Rf1 Rxd5 28. exd5 Qxd5 29. f4 b5 30. Rc2 Re8 31. Re2 Rxe2 32. Qxe2 d3 33. Qe3 Bg7 34. Qe8+ Bf8 35. Rd1 Qd4+ 36. Kh1 Qxf4 37. Qd8 Qe5 38. b3 Qe2 39. Qxd3 Qxa2 40. Qxb5 Qc2 41. Rf1 Qc7 42. Qd5 Bd6 43. g3 Be5 44. Re1 Bf6 45. Re2 Kg7 46. Kg2 h5 47. Rf2 Qc3 48. Rf3 Qb2+ 49. Rf2 Qc3 50. Qc4 Qe3 51. b4 Qb6 52. b5 Qe3 53. Re2 Qb6 54. Rd2 Qb7+ 55. Qd5 Qe7 56. Kf2 Qc7 57. Kg2 Qb6 58. Rd3 Qc7 59. Qc6 Qe5 60. Rf3 Qb2+ 61. Rf2 Qd4 62. Qf3 Qe5 63. Qd3 Qa1 64. Qd5 Qc3 65. Ra2 Qe3 66. Qf3 Qd4 67. h3 Qc4 68. Rf2 Qd4 69. Qf4 Qd5+ 70. Qf3 Qd4 71. Kh2 Qe5 72. Qf4 Qe6 73. Qf3 Qe5 74. Kh1 Qa1+ 75. Rf1 Qe5 76. g4 hxg4 77. hxg4 Qd4 78. Kg2 Qe5 79. Kh3 g5 80. Qd3 Qb2 81. Rf5 Qa1 82. Kg2 Qb2+ 83. Kh3 Qa1 84. Kg2 Qb2+ 85. Rf2 Qb4 86. Kh3 Qe1 87. Qf3 Qe5 88. Kg2 Qd4 89. Qf5 Qc3 90. Rc2 Qe3 91. Rf2 Qc3 92. Rf3 Qd2+ 93. Kh3 Qb2 94. Qd3 Be5 95. Rxf7+ Kxf7 96. Qd7+ Kg6 97. Qe8+ Kf6 98. Qc6+ Ke7 99. Qc5+ Ke6 100. Qc4+ Kf6 101. Qc6+ Kg7 102. Qb7+ Kh6 103. Qa6+ Bf6 104. Qxa7 Qxb5 105. Qe3 Qe5 106. Qa7 Qa1 107. Qd7 Qf1+ 0-1

[Event "GER-ch 37th"]
[Site "Magdeburg"]
[Date "2019.05.29"]
[Round "5"]
[White "Rosner, Jonas"]
[Black "Becker, Marcel"]
[Result "1/2-1/2"]
[WhiteElo "2413"]
[BlackElo "2308"]
[EventDate "2019.05.26"]
[PlyCount "84"]

1. e4 c6 2. d4 d5 3. exd5 cxd5 4. Bd3 Nc6 5. c3 Nf6 6. Bf4 Bg4 7. Qb3 Qc8 8. Nd2 e6 9. Ngf3 Bh5 10. O-O Bg6 11. Bxg6 hxg6 12. Rfe1 Be7 13. h4 a6 14. a4 Nd7 15. g3 O-O 16. Kg2 Nf6 17. Ng5 Nh5 18. Be3 Bd6 19. Ndf3 Qc7 20. Rh1 Rae8 21. g4 Nf4+ 22. Bxf4 Bxf4 23. Rae1 Qd7 24. Kf1 e5 25. dxe5 Nxe5 26. Nxe5 Rxe5 27. Rxe5 Bxe5 28. Nf3 Qxg4 29. Qxd5 Bf6 30. Qxb7 Rd8 31. Ne1 Rd2 32. Qa8+ Kh7 33. Qf3 Qxf3 34. Nxf3 Rxb2 35. Kg2 Bxc3 36. Rc1 Rb3 37. Ng5+ Kh6 38. Nxf7+ Kh5 39. Ng5 Kxh4 40. Ne4 Bf6 41. Rc6 Rb4 42. Nxf6 gxf6 1/2-1/2

[Event "GER-ch 37th"]
[Site "Magdeburg"]
[Date "2019.05.29"]
[Round "5"]
[White "Stern, Rene"]
[Black "Wachinger, Nikolas"]
[Result "1-0"]
[WhiteElo "2538"]
[BlackElo "2311"]
[EventDate "2019.05.26"]
[PlyCount "127"]

1. Nf3 d5 2. d4 Nf6 3. c4 e6 4. Nc3 dxc4 5. e3 a6 6. Bxc4 b5 7. Bb3 Bb7 8. O-O Nbd7 9. e4 b4 10. e5 bxc3 11. exf6 cxb2 12. fxg7 Bxg7 13. Bxb2 O-O 14. Rb1 Be4 15. Bc2 Bg6 16. Re1 Nb6 17. Ba3 Re8 18. Rb3 Qd5 19. Bxg6 hxg6 20. Qc2 Nc4 21. Bc1 Nd6 22. Be3 Rec8 23. Rc1 Nf5 24. Qc4 Qxc4 25. Rxc4 Bf8 26. g4 Ne7 27. Ne5 Nd5 28. Nc6 Bd6 29. Kg2 Kg7 30. h3 a5 31. Bd2 a4 32. Rf3 Nb6 33. Rc2 a3 34. Bf4 Ra4 35. Be5+ Bxe5 36. Nxe5 f6 37. Nd3 Rxd4 38. Nc5 Rc4 39. Rxc4 Nxc4 40. Rc3 Nb6 41. Nxe6+ Kf7 42. Nxc7 Ke7 43. Re3+ Kd7 44. Nb5 Rc5 45. Nxa3 Ra5 46. Kg3 Nd5 47. Rd3 Ke6 48. Nb1 Nb4 49. Re3+ Kd5 50. Nc3+ Kc4 51. Ne4 Ra6 52. a3 Nd5 53. Nd2+ Kd4 54. Rb3 Nc3 55. h4 Ne2+ 56. Kh2 Nc1 57. Rh3 Ne2 58. h5 gxh5 59. gxh5 Nf4 60. Rh4 Ke5 61. h6 Ra8 62. Nc4+ Kf5 63. Ne3+ Ke4 64. Ng2 1-0

[Event "GER-ch 37th"]
[Site "Magdeburg"]
[Date "2019.05.29"]
[Round "5"]
[White "Trifan, Andrei Ioan"]
[Black "Winterberg, Lukas"]
[Result "0-1"]
[WhiteElo "2268"]
[BlackElo "2376"]
[EventDate "2019.05.26"]
[PlyCount "122"]

1. e4 e6 2. d4 d5 3. Nc3 Bb4 4. e5 c5 5. a3 Ba5 6. b4 cxd4 7. Nb5 Bc7 8. Nf3 Bd7 9. Bb2 Ne7 10. Bd3 a6 11. Nxc7+ Qxc7 12. Bxd4 Bb5 13. O-O Nd7 14. Bxb5 axb5 15. Qd3 Qc4 16. Rfb1 O-O 17. Rb3 Rfc8 18. Rc3 Qxd3 19. cxd3 Rc6 20. Kf1 Rac8 21. Rac1 Rxc3 22. Rxc3 Rxc3 23. Bxc3 Nc6 24. Ke2 Kf8 25. Ke3 Ke7 26. g4 f6 27. exf6+ gxf6 28. h4 e5 29. Ba1 Ke6 30. Nd2 f5 31. f3 Nf6 32. g5 d4+ 33. Kf2 Nh5 34. Nb3 b6 35. Nc1 Nf4 36. Kg3 Ne7 37. Bb2 Ned5 38. Nb3 Nxd3 39. Bxd4 exd4 40. Nxd4+ Ke5 41. Nxb5 N3f4 42. Kf2 Ne6 43. Kg3 Ng7 44. Kf2 f4 45. Kg2 Nf5 46. Kh3 Nfe3 47. Kh2 Nc2 48. Kh3 Ne1 49. h5 Kf5 50. g6 hxg6 51. hxg6 Kxg6 52. Nd4 Kf6 53. Kg4 Nd3 54. Kh4 Ne5 55. Kh3 Nc4 56. Nb5 Ke5 57. Kg2 Nd6 58. Na7 Kd4 59. Kh3 Kc4 60. Kg4 Kb3 61. Nc8 Nxc8 0-1

[Event "GER-ch 37th"]
[Site "Magdeburg"]
[Date "2019.05.30"]
[Round "6"]
[White "Graf, Alexander"]
[Black "Huschenbeth, Niclas"]
[Result "0-1"]
[WhiteElo "2572"]
[BlackElo "2603"]
[EventDate "2019.05.26"]
[PlyCount "52"]

1. d4 Nf6 2. c4 e6 3. Nc3 Bb4 4. e3 b6 5. Bd3 Bb7 6. Nf3 Ne4 7. O-O f5 8. Ne5 O-O 9. Nxe4 fxe4 10. Bc2 Qg5 11. f4 exf3 12. Nxf3 Bxf3 13. Rxf3 Rxf3 14. Qxf3 Nc6 15. a3 Rf8 16. Qe2 Bd6 17. Bd2 h5 18. Rd1 Ne7 19. b4 Nf5 20. Rf1 c5 21. dxc5 bxc5 22. b5 Rf6 23. a4 Bxh2+ 24. Kxh2 Qh4+ 25. Kg1 Ng3 26. Bh7+ Kh8 0-1